MARC

LEADER 00000nam0a2200000 4500
001 100645
005 20231031112153.0
010 |a 8487099955 
035 |a (RuTPU)RU\TPU\book\108309 
090 |a 100645 
100 |a 20060824d1995 m y0spay50 ba 
101 0 |a spa 
102 |a ES 
105 |a y z 000ay 
200 1 |a De Fiesta en Invierno  |f C. Villanueva, J. Fernandez 
210 |a Barcelona  |c Difusion  |d 2005 
215 |a 30 p. 
610 1 |a испанский язык 
610 1 |a праздники 
610 1 |a художественная литература 
610 1 |a рассказы 
610 1 |a книги для чтения 
686 |a Ш147.21  |v LBC/SL-A  |2 rubbk 
700 1 |a Villanueva  |b C.  |g Clara 
701 1 |a Fernandez  |b J.  |g Josefina 
801 1 |a RU  |b 63413507  |c 20060824  |g PSBO 
801 2 |a RU  |b 63413507  |c 20231017  |g PSBO 
942 |c BK